000 00795nam a2200265Ia 4500
003 OSt
005 20220924124038.0
006 a|||||r|||| 00| 0
007 ta
008 220923b |||||||| |||| 00| 0 urd d
020 _a8180420493 (hbk)
020 _c300
024 _a260195
037 _b5534/1, 06/03/2009, Modern Publishing House
_cTextual
040 _aARTS
_cARTS
_burd
041 _2urd
_aurd
082 _aO168,6N36x, P7
100 _aHussain Mujtaba Au.
245 0 _aColumn bardashta
260 _aNew Delhi
_b Modern Publishing house India
_c2007
300 _a336p.
_ccm.
650 _aURDU PROSE
_926866
942 _hO168,6N36x, P7
_cTEXL
_2CC
999 _c418146
_d418146